Normal view MARC view
  • Halifax

Entry Corporate Name

Number of records used in: 12

001 - CONTROL NUMBER

  • control field: 5942

003 - CONTROL NUMBER IDENTIFIER

  • control field: SIRSI

005 - DATE AND TIME OF LATEST TRANSACTION

  • control field: 20190806150248.0

008 - FIXED-LENGTH DATA ELEMENTS

  • fixed length control field: 110505n| acannaabn |n ana d

040 ## - CATALOGING SOURCE

  • Original cataloging agency: OSt
  • Transcribing agency: OSt

110 2# - HEADING--CORPORATE NAME

  • Corporate name or jurisdiction name as entry element: Halifax

670 ## - SOURCE DATA FOUND

  • Source citation: Affordability boost for key workers sincer 2007, 2011